[Event "Charlotte Open 2020"]
[Site "Charlotte"]
[Date "2020.01.03"]
[Round "3.4"]
[White "Ali Marandi, Cemil Can"]
[Black "Grabinsky, Aaron"]
[Result "1/2-1/2"]
[WhiteElo "2537"]
[BlackElo "2363"]
[Annotator "TA"]
[PlyCount "90"]
[EventDate "2020.01.02"]
[EventType "swiss"]
[EventCountry "USA"]
[SourceTitle "playchess.com"]
[Source "ChessBase"]
[SourceQuality "1"]

{[%evp 19,90,9,0,0,0,0,7,0,0,-5,14,0,0,0,0,0,0,0,0,-25,-15,-22,-23,-17,0,0,0,0,0,-20,-21,-14,-9,-19,0,0,0,0,0,0,0,0,0,-8,-2,-35,0,0,0,0,0,0,0,0,0,0,0,0,0,0,0,0,0,0,0,0,0,0,0,0,0,0,0]} 1. Nf3 c5 2. e4 Nc6 3. c3 e6 4. d4 cxd4 5. cxd4 d5 6. exd5 exd5 7. Nc3 Nf6 8. Bd3 Bg4 9. O-O Be7 10. Be3 O-O 11. Be2 {B14: Caro-Kann: Panov-Botvinnik Attack with 5...e6 and 5...g6} (11. h3 Bh5 12. Rc1 Re8 13. Re1 a6 14. a3 Qd6 15. Bb1 Na5 16. Ba2 Nc4 17. Bxc4 dxc4 18. a4 Rac8 19. Qe2 Bf8 {0-1 (36) Motta,V (1666)-Silva,M (1955) Rio de Janeiro 2019}) 11... Ne4 12. h3 $146 ({Predecessor:} 12. Nxe4 dxe4 13. Ne5 Bxe2 14. Nxc6 Bxd1 15. Nxd8 Be2 16. Nxb7 Bxf1 17. Kxf1 Rab8 18. Na5 Rxb2 19. Nc6 Rb7 20. Rd1 Bf6 21. Bf4 Rd7 22. d5 Rc8 23. Na5 Rc5 {0-1 (23) Hoffer,T (1410)-Forestier,C (1620) France 2002}) 12... Bh5 13. Rc1 Rc8 14. Re1 Bf6 (14... Bb4 {keeps more tension.} 15. Qb3 Re8 16. Bf4 h6 17. Ne5 Nxe5 18. Qxb4 Ng6) 15. Qb3 Bxf3 16. Bxf3 Nxd4 17. Bxd4 Bxd4 18. Bxe4 dxe4 19. Qxb7 Rb8 20. Qxe4 {[#] Threatens to win with Rcd1.} Rxb2 21. Re2 Bxc3 22. Rxc3 Qd1+ 23. Re1 Qd2 24. Rf3 Rxa2 25. Qe7 h6 26. Rb1 a5 27. Rb7 {[%cal Rf3f7]} Qd5 28. Re3 {[#] White wants to mate with Qxf8+!} g6 29. Rg3 {Intending Rxg6+! and mate.} Qf5 30. Rf3 Qe6 31. Qxe6 (31. Rc3 {looks sharper.} Qxe7 32. Rxe7 a4 33. Ra7 Kg7 34. g3) 31... fxe6 $11 {[%mdl 4096] Endgame KRR-KRR} 32. Rg3 g5 33. h4 $1 {The position is equal.} Rf7 34. Rxf7 Kxf7 35. hxg5 hxg5 36. Rxg5 {KR-KR} a4 37. Ra5 Kf6 38. g3 e5 39. Kf1 e4 40. g4 a3 41. Kg1 Kg6 42. Kf1 Ra1+ 43. Kg2 $1 a2 44. Kh2 Kf6 45. Kg2 Kg6 {Accuracy: White = 75%, Black = 56%.} 1/2-1/2

[Event "Charlotte Open 2020"]
[Site "Charlotte"]
[Date "2020.01.03"]
[Round "3.5"]
[White "Sarkar, Justin"]
[Black "Iotov, Valentin"]
[Result "1/2-1/2"]
[WhiteElo "2385"]
[BlackElo "2516"]
[Annotator "TA"]
[PlyCount "69"]
[EventDate "2020.01.02"]
[EventType "swiss"]
[EventCountry "USA"]
[SourceTitle "playchess.com"]
[Source "ChessBase"]
[SourceQuality "1"]

{[%evp 22,69,17,0,0,0,0,0,-7,-7,0,0,0,0,0,-16,-13,-20,-12,-22,-21,-24,-6,-7,-10,-14,2,-7,9,18,12,2,50,37,34,48,50,35,36,12,15,18,18,10,9,13,4,0,0,0]} 1. d4 d5 2. c4 e6 3. Nc3 Bb4 4. Nf3 Nf6 5. e3 O-O 6. Bd3 b6 7. cxd5 exd5 8. O-O Ba6 9. Bxa6 Nxa6 10. Qd3 Nb8 {[%cal Ba6b8,Bb8c6,Bc6a5,Ba5b3][%mdl 32]} 11. a3 Bxc3 12. bxc3 {[%cal Bb2c3,Bc3c4][%mdl 32]} Nc6 {E52: Nimzo-Indian: Rubinstein: 4...0-0 5 Nf3 d5 6 Bd3 b6} (12... c5 13. dxc5 bxc5 14. c4 dxc4 15. Qxc4 Qd5 16. Qc2 Nbd7 17. Rd1 Qc6 18. Bb2 Rac8 19. Ng5 Rfe8 20. h3 Nf8 {1-0 (41) Jumabayev,R (2611)-Agdestein,S (2602) Doha 2016}) 13. c4 Na5 14. Ne5 c5 15. Bb2 Rc8 16. Rad1 cxd4 $146 {[%cal Rd5c4]} ({Predecessor:} 16... Re8 17. dxc5 Rxc5 18. cxd5 Rxd5 {½-½ (61) Hlas,J (2233)-Simek,J (2150) Czechia 2010}) 17. cxd5 Qxd5 18. Bxd4 Nb3 19. Bb2 Rfd8 20. Qxd5 Nxd5 21. e4 Nf4 22. Nc6 Re8 23. Rd6 Ne2+ 24. Kh1 Rxe4 25. Nxa7 Rce8 26. g3 R4e6 27. Rfd1 {aiming for Rxe6.} h6 28. Kg2 Nc5 29. Rxe6 Rxe6 30. Kf1 Na4 $1 {The position is equal.} 31. Ba1 Nec3 $1 {[%cal Rc3d1]} 32. Rd8+ Kh7 33. Rd3 Ne4 34. Nb5 Rc6 {[#] Threatens to win with ...Rc1+.} 35. Bd4 {Accuracy: White = 76%, Black = 74%.} 1/2-1/2

[Event "Charlotte Open 2020"]
[Site "Charlotte"]
[Date "2020.01.03"]
[Round "3.6"]
[White "Ringoir, Tanguy"]
[Black "Wheeler, Cameron"]
[Result "1/2-1/2"]
[WhiteElo "2501"]
[BlackElo "2383"]
[Annotator "TA"]
[PlyCount "57"]
[EventDate "2020.01.02"]
[EventType "swiss"]
[EventCountry "USA"]
[SourceTitle "playchess.com"]
[Source "ChessBase"]
[SourceQuality "1"]

{[%evp 13,57,29,28,18,33,0,0,0,27,22,34,4,27,0,21,16,25,19,22,18,21,11,10,2,327,213,547,540,543,206,204,205,201,208,200,205,197,56,51,76,87,0,30,27,29,15]} 1. d4 d5 2. c4 c6 3. cxd5 cxd5 4. Bf4 Nc6 5. e3 Nf6 6. Nc3 Bf5 7. Qb3 Na5 8. Qa4+ {D10: Slav Defence: 3 cxd5 (without early Nf3) and 3 Nc3} Bd7 9. Qd1 (9. Qc2 $5 {[%cal Rc3b5]}) (9. Qc2 e6 10. Bd3 Be7 11. Nf3 Rc8 12. O-O Nc6 13. Qe2 Nh5 14. Be5 O-O 15. h3 f5 {1-0 (38) Korobov,A (2694)-Rodshtein,M (2674) Czech Republic 2018}) 9... e6 10. Nf3 $146 {The position is equal.} ({Predecessor:} 10. Bd3 Rc8 11. Nf3 Nc4 12. Qb3 Na5 13. Qd1 {1-0 (60) Johansson,C (2184)-Jogstad,M (2271) Vasteras 2016}) 10... Bb4 11. Bd3 Rc8 12. Rc1 O-O 13. Ne5 Nc6 14. Bg5 {Strongly threatening Bxf6.} Be7 15. O-O Ne8 16. Bxe7 Qxe7 17. e4 dxe4 18. Nxe4 Nd6 $2 {[%mdl 8192]} (18... h6 $11 {and Black has nothing to worry.}) 19. Nf6+ ({Stronger than} 19. Nxd6 Qxd6 20. Re1 (20. Nxd7 Qxd7 21. Bb5 Rfd8 $15) (20. Qh5 g6 $17) 20... Nxe5 $11) 19... gxf6 $2 {[#]} (19... Qxf6 20. Nxd7 Qh4) 20. Bxh7+ $1 $18 {[%mdl 512]} Kh8 (20... Kxh7 21. Qh5+) 21. Qh5 $2 (21. Rc3) 21... Rg8 22. Bxg8+ Kxg8 23. Rc3 $1 {[%cal Rc3g3] Intending Rg3+ and mate.} Qd8 24. Ng4 {Threatening mate with Rh3.} Nf5 25. Nh6+ (25. Rh3 $18 {[%csl Gh3][%cal Rh5h8]} Kf8 26. d5 $1 {[%mdl 512]}) 25... Nxh6 $14 26. Qxh6 {[%cal Rc3g3]} Ne7 {[#]} 27. Qxf6 ({White should play} 27. Rg3+ $1 $16 Ng6 28. h4 (28. Rh3 Bb5 $17)) 27... Ng6 28. Rxc8 $1 Qxc8 29. h4 {Accuracy: White = 44%, Black = 44%.} 1/2-1/2

[Event "Charlotte Open 2020"]
[Site "Charlotte"]
[Date "2020.01.03"]
[Round "3.7"]
[White "Karthik Venkataraman"]
[Black "Mulyar, Michael"]
[Result "1/2-1/2"]
[WhiteElo "2470"]
[BlackElo "2380"]
[Annotator "TA"]
[PlyCount "77"]
[EventDate "2020.01.02"]
[EventType "swiss"]
[EventCountry "USA"]
[SourceTitle "playchess.com"]
[Source "ChessBase"]
[SourceQuality "1"]

{[%evp 17,77,43,40,0,0,0,16,0,0,0,0,0,0,0,8,12,13,6,9,8,13,0,0,0,-8,-16,-18,-37,8,7,19,8,9,15,11,0,0,0,0,0,0,0,0,0,0,0,0,0,0,0,0,0,0,0,0,0,0,0,0,0,0,0]} 1. e4 e5 2. Nf3 Nc6 3. Bb5 a6 4. Ba4 Nf6 5. O-O b5 6. Bb3 Bc5 7. a4 Rb8 8. c3 d6 9. d4 Bb6 10. a5 {C78: Ruy Lopez: Archangelsk and Möller Defences} Ba7 $1 11. h3 O-O 12. Be3 exd4 13. cxd4 Nb4 14. Nc3 Bb7 15. Re1 c5 {[#]} 16. dxc5 $146 ({Predecessor:} 16. Bg5 h6 17. Bh4 c4 {1-0 (74) Jakovenko,D (2681)-Jones,G (2688) Khanty-Mansiysk 2019}) 16... dxc5 17. e5 $1 {[#] aiming for Qxd8.} Nfd5 18. Bg5 Qd7 19. Nxd5 Nxd5 20. Bc2 c4 21. Nh4 {With the idea Nf5.} g6 22. Be4 Bc5 23. Qf3 {The position is equal.} Be7 (23... Nb4 {is interesting.} 24. Bh6 Rfd8 25. Qf6 Bf8 26. Bxf8 Rxf8 27. Rad1 Qe6) 24. Bxe7 Nxe7 25. Rad1 Bxe4 26. Rxd7 Bxf3 27. Nxf3 ({Reject} 27. gxf3 Nc6 $17) 27... Nc6 28. e6 {[#] And now Ng5 would win.} Nxa5 29. Ng5 {[%cal Re6f7]} fxe6 30. Rxe6 Rb7 31. Rxb7 $1 Nxb7 32. Rxa6 $11 {[%mdl 4096] Endgame KRN-KRN} Nc5 33. Rb6 $1 Nd3 34. Rxb5 Rxf2 35. Rb8+ Rf8 36. Rb7 Rf2 37. Rb8+ Rf8 38. Rb7 Rf2 39. Rb8+ {Accuracy: White = 73%, Black = 77%.} 1/2-1/2

[Event "Charlotte Open 2020"]
[Site "Charlotte"]
[Date "2020.01.03"]
[Round "3.8"]
[White "Moon, Benjamin"]
[Black "Bajarani, Ulvi"]
[Result "0-1"]
[WhiteElo "2237"]
[BlackElo "2468"]
[Annotator "TA"]
[PlyCount "82"]
[EventDate "2020.01.02"]
[EventType "swiss"]
[EventCountry "USA"]
[SourceTitle "playchess.com"]
[Source "ChessBase"]
[SourceQuality "1"]

{[%evp 16,82,31,29,38,36,42,37,40,40,43,34,48,56,45,45,42,42,53,49,119,101,99,18,1,-4,-25,-8,0,0,67,-18,-41,-19,-29,-22,-45,-87,-85,-103,-89,-375,-366,-600,-595,-786,-260,-259,-261,-293,-289,-271,-267,-291,-291,-345,-334,-590,-583,-584,-572,-658,-643,-741,-700,-756,-649,-995,-762]} 1. d4 d5 2. Bf4 c5 3. e3 Nc6 4. Nf3 Nf6 5. Be2 cxd4 6. exd4 g6 7. c3 Bg7 8. O-O O-O 9. Nbd2 Bg4 {B13: Caro-Kann: Exchange Variation and Panov-Botvinnik Attack} 10. h3 (10. Ne5 Bxe2 11. Qxe2 Rc8 12. h3 e6 13. Nxc6 Rxc6 14. Be5 Nd7 15. Bxg7 Kxg7 16. Nf3 Qf6 17. Rfe1 {½-½ (33) Grachev,B (2645)-Rakhmanov,A (2654) Sochi 2017}) 10... Bxf3 11. Nxf3 a6 {White is slightly better.} 12. Re1 e6 13. Bd3 Nd7 $146 ({Predecessor:} 13... b5 14. Qe2 {1-0 (41) Lapenna,A (2124)-Caselli,L (2257) playchess.com INT 2007}) 14. Qd2 Re8 15. Re2 b5 16. a3 Qb6 17. Rae1 a5 (17... Na5 $14) 18. h4 $16 Nf6 {[#]} 19. Nh2 (19. Bg5 $1 $16) 19... b4 $11 20. g4 Rec8 21. h5 bxc3 22. bxc3 a4 (22... Ne4 $11 23. Bxe4 dxe4) 23. Re3 ({White should try} 23. Bh6 $14) 23... Na5 24. hxg6 hxg6 25. Rh3 $1 {And now Bh6 would win.} Nb3 26. Qb2 Qa5 27. Bb1 {[#]} Nxd4 $1 {[%mdl 512]} 28. Qb7 $2 {[%mdl 8192]} (28. Be5 $17 Nc6 29. Bxf6 Bxf6 {[#]} 30. Bxg6 $1 {[%mdl 512]}) (28. cxd4 Qxe1+) 28... Qb5 $19 29. Qe7 $2 (29. Qxb5 Nxb5 30. Bc1) 29... Nc6 30. Qd6 {White wants to play Bxg6.} Rd8 $2 (30... Ne8 31. Qd7 Rd8) 31. Bd3 Qb6 ({Resist} 31... Rxd6 32. Bxb5 e5 33. Be3 $17) 32. Qc7 Qxc7 33. Bxc7 Rdc8 34. Bf4 Na5 35. g5 Nh5 36. Be5 $2 (36. Bd6) 36... Bxe5 {Black is clearly winning.} 37. Rxe5 Rxc3 38. Ng4 Kg7 39. Rf3 Nc6 40. Ree3 Nd4 41. Rf6 Rh8 {Accuracy: White = 39%, Black = 64%.} 0-1

[Event "Charlotte Open 2020"]
[Site "Charlotte"]
[Date "2020.01.03"]
[Round "3.9"]
[White "Daggupati, Balaji"]
[Black "Escalante Ramirez, Brian Sebasti"]
[Result "1/2-1/2"]
[WhiteElo "2311"]
[BlackElo "2421"]
[Annotator "TA"]
[PlyCount "89"]
[EventDate "2020.01.02"]
[EventType "swiss"]
[EventCountry "USA"]
[SourceTitle "playchess.com"]
[Source "ChessBase"]
[SourceQuality "1"]

{[%evp 9,89,0,7,15,7,12,20,6,19,13,40,60,77,37,38,26,62,45,81,85,87,87,135,134,134,127,127,126,219,210,229,216,202,111,117,118,112,96,102,93,100,83,135,143,143,130,135,124,138,123,168,110,162,152,145,86,160,74,74,66,66,18,18,18,18,11,11,11,18,18,18,18,18,18,18,18,18,18,18,18,18,18]} 1. e4 c5 2. Nf3 d6 3. d4 cxd4 4. Qxd4 Nc6 5. Bb5 a6 6. Bxc6+ {B53: Sicilian: 2...d6: Lines with Qxd4} bxc6 7. c4 e5 8. Qd3 Nf6 9. O-O h6 $146 ({Predecessor:} 9... Bg4 10. Nc3 Nd7 11. Na4 Be7 12. b3 O-O 13. Ba3 c5 14. Nc3 Nb8 15. b4 Nc6 16. bxc5 dxc5 17. Qxd8 Rfxd8 18. Nd5 Bf8 19. Nd2 Rab8 20. f3 Be6 {½-½ (20) Nguyen,N (2636)-Vallejo Pons,F (2687) Changsha 2019}) 10. c5 Bg4 11. cxd6 Qxd6 12. Qc3 Bxf3 13. Qxf3 Qb4 14. Nc3 Bc5 15. Qg3 Bd4 16. Qxg7 {[%mdl 64] Double Attack} Ke7 {White must now prevent ...Rag8.} 17. Qg3 $1 ({Don't go for} 17. Bxh6 $2 Rhg8 $19) 17... Rhg8 18. Qf3 Rg6 (18... Bxc3 $16 19. bxc3 Qxe4 20. Qxe4 Nxe4) 19. Ne2 $18 Nxe4 20. Nxd4 Qxd4 21. Be3 ({White should play} 21. Rd1 $18 Qb4 22. a3) 21... Ng5 $16 22. Bxg5+ hxg5 23. Rad1 Qf4 {...Qxf3 would now be nice for Black.} 24. Qb3 $36 {[%mdl 2048] White is really pushing.} Rh8 {[%csl Gh8][%cal Rf4h2]} 25. Qb7+ Kf8 {[#]} (25... Kf6 $142 26. Rd6+ Kg7 27. Rxg6+ Kxg6 28. Qxc6+ Qf6 29. Qe4+ Kg7) 26. Rd8+ $1 Kg7 {[%csl Gh8][%cal Rf4h2]} 27. Rxh8 Kxh8 28. Qxa6 {[%mdl 4096] Endgame KQR-KQR} Rd6 29. a4 Qb4 30. a5 (30. Qa7 $18 Kg7 31. Qe7 {[%mdl 64] Double Attack}) 30... Qxb2 (30... Kg7 $16 {was called for.}) 31. Qc8+ Kg7 32. a6 (32. Qf5 $142) 32... Qa3 {[#]} (32... Qe2 $142 33. h3 Rd1 34. Rxd1 Qxd1+ 35. Kh2 Qa4) 33. Qb8 (33. Qf5 $142 $1 {[%cal Rf5e5]} Qxa6 34. Qxg5+ (34. Qxe5+ Rf6 $18) 34... Rg6 35. Qxe5+ Kh7 36. Rd1) 33... Rd5 34. a7 Ra5 35. h4 Rxa7 {The position is equal.} 36. Qxe5+ f6 37. Qf5 Qa5 38. Qg4 Qa4 (38... Qe5 {with more complications.} 39. hxg5 fxg5 40. Qd1 c5 41. Qc1 Re7) 39. Qxa4 Rxa4 40. hxg5 fxg5 $11 {KR-KR} 41. Rc1 Ra6 42. Rc5 Kf6 43. Kh2 Kg6 44. Kg3 Rb6 45. Kg4 {Accuracy: White = 57%, Black = 46%.} 1/2-1/2

[Event "Charlotte Open 2020"]
[Site "Charlotte"]
[Date "2020.01.03"]
[Round "3.10"]
[White "Korley, Kassa"]
[Black "Yu, Jennifer"]
[Result "1-0"]
[WhiteElo "2432"]
[BlackElo "2321"]
[Annotator "TA"]
[PlyCount "47"]
[EventDate "2020.01.02"]
[EventType "swiss"]
[EventCountry "USA"]
[SourceTitle "playchess.com"]
[Source "ChessBase"]
[SourceQuality "1"]

{[%evp 10,65,0,0,12,2,2,0,14,25,20,11,20,-10,29,14,48,49,66,39,70,76,83,79,86,86,79,65,65,55,53,71,64,18,41,14,13,13,16,-1303,31,33,28,24,57,30,41,-1340,363,-258,-97,-110,-115,-442,-123,-145,3,-208]} 1. e4 e5 2. Nf3 Nf6 3. Nc3 Bb4 4. Bc4 d6 5. d3 O-O 6. O-O h6 {C42: Petroff Defence: 3 Nxe5 and unusual White 3rd moves} (6... Bxc3 7. bxc3 Be6 8. Bb3 Nbd7 9. h3 h6 10. Re1 Re8 11. Nh4 d5 12. Qf3 Nc5 13. Bxd5 Bxd5 14. exd5 Qxd5 15. Ba3 e4 16. dxe4 Ncxe4 {½-½ (86) Prasanna Raghuram,R (2475)-Aguero Jimenez,L (2415) Barbera del Valles 2016}) 7. Ne2 c6 8. c3 Ba5 9. Ng3 d5 10. Bb3 Bc7 $146 ({Predecessor:} 10... dxe4 11. Nxe5 exd3 12. Be3 Bc7 13. Nxd3 Nbd7 14. Re1 {½-½ (41) Makropoulou,M (2154)-Vatkali,D (1976) Hydra 2015}) 11. h3 Kh7 12. Be3 dxe4 13. dxe4 Qe7 14. Qe2 Na6 15. Bc2 g6 16. b4 b6 17. a4 {[%cal Ba2a4,Ba4a5][%mdl 32]} Nb8 18. a5 Ba6 19. Bd3 Bxd3 20. Qxd3 {[#] axb6 is the strong threat.} Rd8 21. Qe2 {Hoping for axb6.} (21. Qc4 $5 {[%cal Ra5b6]} b5 22. Qe2 $14) 21... Nbd7 22. axb6 axb6 23. Qc4 $36 {[%mdl 2048] White is more active.} Rxa1 24. Rxa1 {Played: Rf1-d1} 1-0

[Event "Charlotte Open 2020"]
[Site "Charlotte"]
[Date "2020.01.03"]
[Round "3.11"]
[White "Song, Edward"]
[Black "Petesch, Gabriel"]
[Result "1/2-1/2"]
[WhiteElo "2411"]
[BlackElo "2302"]
[Annotator "TA"]
[PlyCount "59"]
[EventDate "2020.01.02"]
[EventType "swiss"]
[EventCountry "USA"]
[SourceTitle "playchess.com"]
[Source "ChessBase"]
[SourceQuality "1"]

{[%evp 19,59,0,0,-41,-29,-43,-45,-75,-61,-68,-62,-80,-17,-75,-83,-102,-93,-98,-92,-75,-77,-70,-68,-111,83,94,94,88,71,83,73,34,247,236,301,129,117,27,19,10,20,20]} 1. e4 e5 2. Nf3 Nc6 3. Bb5 a6 4. Ba4 Nf6 5. O-O Nxe4 6. d4 b5 7. Bb3 d5 8. dxe5 Be6 9. Be3 Be7 10. Nbd2 Nc5 11. c3 {C80: Open Ruy Lopez: Sidelines and 9 Nbd2} (11. Nd4 Nxd4 12. Bxd4 Qd7 13. c3 O-O 14. Bc2 Bf5 15. f4 Na4 16. Rb1 c5 17. Bf2 Rfd8 18. Nf3 Rac8 19. Bxf5 Qxf5 {½-½ (32) Jobava,B (2687)-Vidit,S (2693) Linares 2017}) 11... Nd3 12. Qe2 Nxb2 13. Rab1 {Black is slightly better.} Na4 $1 {[%cal Ra4c3]} 14. Bxa4 bxa4 15. Qd1 a3 $146 (15... Qd7 $17) ({Predecessor:} 15... Qd7 16. Bg5 Bc5 17. Bf4 Bb6 18. Ng5 O-O 19. Nxe6 fxe6 {0-1 (30) Venkatesh,M (2468)-Asis Gargatagli,H (2408) Palma de Mallorca 2008}) 16. Nb3 (16. Nd4 $1 $11 Nxd4 17. cxd4) 16... O-O 17. Nc5 Bf5 18. Rc1 Na5 19. Nd2 Qe8 20. Qf3 Qc6 21. c4 dxc4 $2 (21... Bxc5 $2 22. cxd5 Qd7 23. Rxc5 $18) (21... d4 $1 $17 {keeps the pressure on.} 22. Bxd4 Qxf3 23. Nxf3 Nc6) 22. Qxf5 $16 Bxc5 23. Nxc4 Bxe3 24. Nxe3 Qb5 25. Rb1 Qe2 $2 ({Better is} 25... Qe8 $1 $14) 26. e6 $18 Nc4 {[#]} 27. exf7+ (27. Rfe1 $1 $18 {[%cal Re1e2] and the rest is easy.} Nxe3 {[#]} 28. Qxf7+ $1 {[%mdl 512]} (28. Rxe2 $2 {too greedy.} Nxf5 29. exf7+ Rxf7 $19) 28... Rxf7 29. exf7+ (29. Rxe2 Re7 $14) 29... Kxf7 30. Rxe2) 27... Kh8 $16 28. Nxc4 (28. Rbe1 $16 Nxe3 29. fxe3 (29. Rxe2 $2 {perishes.} Nxf5 30. g4 Nd6 $19)) 28... Qxc4 $11 29. Rbc1 Qxf7 30. Qxf7 {Accuracy: White = 20%, Black = 49%.} 1/2-1/2

[Event "Charlotte Open 2020"]
[Site "Charlotte"]
[Date "2020.01.03"]
[Round "3.12"]
[White "Tang, Andrew"]
[Black "Puckett, Matthew"]
[Result "1-0"]
[WhiteElo "2511"]
[BlackElo "2148"]
[Annotator "TA"]
[PlyCount "112"]
[EventDate "2020.01.02"]
[EventType "swiss"]
[EventCountry "USA"]
[SourceTitle "playchess.com"]
[Source "ChessBase"]
[SourceQuality "1"]

{[%evp 17,112,28,35,22,26,17,65,27,28,26,37,48,45,32,58,32,43,34,50,52,56,61,143,137,163,109,172,157,171,180,187,187,181,168,263,261,261,262,243,236,248,241,260,260,260,258,250,257,266,247,244,233,259,238,237,220,222,211,205,211,272,272,256,241,241,234,216,162,162,162,145,158,155,157,2768,2038,6556,2069,29962,1487,29963,29963,29964,29966,29965,29966,29967,29968,29975,29976,29976,29977,29977,29978,29978,29979,29956]} 1. d4 Nf6 2. c4 e6 3. Nc3 Bb4 4. Qc2 Nc6 5. Nf3 d6 6. Bd2 O-O 7. a3 Bxc3 8. Bxc3 Qe7 9. e3 e5 10. d5 {E33: Nimzo-Indian: Classical: 4...Nc6} Nb8 11. Bd3 (11. Nd2 a5 12. b3 Nbd7 13. Be2 b5 14. e4 bxc4 15. Nxc4 Nc5 16. Nd2 Ba6 17. Bxa6 Rxa6 {1-0 (61) Wojtaszek,R (2727)-Tregubov,P (2582) Caleta 2016}) 11... c6 12. dxc6 $146 {White is slightly better.} (12. c5 $5 {[%cal Rc5d6]}) ({Predecessor:} 12. e4 cxd5 13. cxd5 Nh5 14. Bd2 Bg4 {½-½ (35) Lahlum,H (2220)-Bergstrom,R (2315) Gausdal 1996}) 12... Nxc6 13. O-O Bg4 14. Nd2 Rac8 15. Rfe1 Rfe8 16. b4 a6 17. Rac1 h6 18. h3 Bd7 19. Qb2 d5 ({Better is} 19... Nb8 $14) 20. b5 $16 Nb8 21. Bf1 (21. a4 $18) 21... axb5 (21... dxc4 $16 {was called for.} 22. Bb4 (22. Bxc4 Bxb5 23. Bxb5 axb5 $11) (22. Nxc4 Ne4 $14) 22... Qe6) 22. cxb5 $18 Bf5 23. a4 b6 {[#]} 24. a5 $1 bxa5 25. Bxa5 Rxc1 (25... Qd6 $142 26. g4 Bd7 27. Rxc8 Bxc8) 26. Rxc1 Rc8 27. Rxc8+ Bxc8 28. Nf3 Nbd7 29. Qc2 Qc5 30. Qxc5 Nxc5 31. Nxe5 Nfd7 32. Nc6 {[#] aiming for Ne7+.} Kf8 33. Be2 Ke8 34. Bb4 Bb7 35. Na5 Ba8 36. b6 Nb7 37. Ba6 Nxa5 38. Bxa5 {[%mdl 4096] Endgame Black must now prevent b7. KBB-KBN} Nc5 39. Bb5+ Nd7 40. Bc3 f6 41. Bb4 Kd8 42. Bxd7 Kxd7 {KB-KB} 43. Bf8 g6 44. Bxh6 Kc6 45. Bg7 Kxb6 $2 (45... d4 $16 46. Bxf6 (46. exd4 f5 $16) 46... dxe3) 46. Bxf6 Kc6 47. Kh2 (47. Bd4 $142 Kd6 48. Kh2) 47... Kd6 48. Kg3 (48. Bd4 $142 Ke6 49. g4 Ke7 50. Kg2 Kf7 51. Kf3 Ke7 52. Kf4 Bb7 53. Kg5) 48... Ke6 49. Bd4 {White mates.} Bc6 50. Kf4 Bb5 51. g4 Bf1 52. h4 Be2 53. Kg5 Kf7 54. f4 Bd3 55. h5 gxh5 56. Kxh5 Ke6 {Accuracy: White = 77%, Black = 46%.} 1-0

[Event "Charlotte Open 2020"]
[Site "Charlotte"]
[Date "2020.01.03"]
[Round "3.13"]
[White "Kolay, Alex"]
[Black "Brodsky, David"]
[Result "0-1"]
[WhiteElo "2261"]
[BlackElo "2466"]
[Annotator "TA"]
[PlyCount "88"]
[EventDate "2020.01.02"]
[EventType "swiss"]
[EventCountry "USA"]
[SourceTitle "playchess.com"]
[Source "ChessBase"]
[SourceQuality "1"]

{[%evp 12,88,8,8,12,11,8,4,18,5,0,13,8,-4,0,0,0,-11,12,-27,-9,-27,-25,-36,21,25,33,37,72,50,41,31,47,37,47,39,41,-8,-8,0,0,-45,-30,-202,-210,-260,-252,-235,-106,-112,-28,-435,-168,-186,-170,-1193,-1162,-2480,-2477,-2125,-2100,-1958,-1878,-1591,-1566,-29982,-29983,-29982,-29982,-29982,-29983,-29981,-29982,-29992,-29993,-29993,-29991,-29990,-1115]} 1. d4 Nf6 2. c4 e6 3. Nf3 b6 4. a3 Bb7 5. Nc3 g6 6. Bg5 Bg7 7. e3 h6 {E12: Queen's Indian: Unusual White 4th moves, 4 a3, 4 Nc3 Bb7 5 a3 and 4 Nc3 Bb7} 8. Bh4 O-O (8... d6 9. d5 Qe7 10. dxe6 Qxe6 11. Be2 O-O 12. Nd4 Qc8 13. Bxf6 Bxf6 {½-½ (13) Greenfeld,A (2556)-Tiviakov,S (2682) Calicut 2007}) 9. Be2 d6 {The position is equal.} 10. O-O g5 11. Bg3 Nh5 12. Ne1 $146 ({Predecessor:} 12. Nd2 Nxg3 13. hxg3 c5 14. Bf3 {0-1 (35) Slipak,S (2436)-Flores,D (2568) Buenos Aires 2015}) 12... Nxg3 13. hxg3 Nd7 14. Nc2 c5 15. Qd2 Qe7 16. Rad1 Nf6 17. Bf3 Bxf3 (17... Rad8 $15) 18. gxf3 $11 cxd4 19. exd4 ({Much worse is} 19. Qxd4 Nd7 $15) 19... Nd7 20. Qe2 Rae8 21. Rfe1 f5 22. Qd2 Rf7 23. Nb5 Nf8 24. d5 {aiming for dxe6.} e5 $1 25. Qb4 Rf6 26. Ncd4 Qd7 27. Nc6 $2 (27. Ne6 $1 $11 Nxe6 28. dxe6 Rexe6 29. Qd2) 27... f4 $19 28. Nc3 fxg3 {And now ...Qh3 would win.} 29. fxg3 Rxf3 (29... e4 $1 $19 {has better winning chances.} 30. Nxe4 Rxf3) 30. Ne4 $17 Ng6 (30... Qg4 $17 31. Qd2 Ng6) 31. Rf1 $2 {[%mdl 8192] [#]} (31. Rd2 $1 $11 {and White stays safe.}) 31... Ref8 $2 ({Not} 31... Qg4 32. Rxf3 Nh4 33. Rfd3 $11) (31... Nh4 $1 {[%mdl 512] White must now prevent ...Qg4!} 32. Rxf3 (32. gxh4 Qg4+) 32... Nxf3+ 33. Kg2 Qg4) 32. Rxf3 $19 Rxf3 33. Qxd6 $2 {[#]} (33. Rf1 Rxf1+ 34. Kxf1) 33... Rxg3+ $1 {[%mdl 512]} 34. Kf2 (34. Nxg3 Qxd6) 34... Qf5+ {[%mdl 64] Double Attack} 35. Kxg3 Qf4+ 36. Kg2 Qxe4+ {[%mdl 64] Double Attack} 37. Kf2 Nf4 {( -> ...Qg2+)} 38. Rd2 Qg2+ {Black mates.} 39. Ke3 Qg3+ 40. Ke4 Qe1+ {[%mdl 64] Double Attack} 41. Kf5 Qxd2 42. Nxe5 Qc2+ 43. Kg4 Qe2+ 44. Kf5 Qxe5+ {Accuracy: White = 25%, Black = 48%.} (44... Kh7 $142 45. a4 Qc2+ {[%mdl 64] Double Attack} 46. Kg4 {[#]} Qe4 $1 {[%mdl 512]} 47. Qa3 Nd3+ {[%mdl 64] Discovered Attack} 48. Kh3 Qe3+ 49. Nf3 Qxf3+ 50. Kh2 Be5+ 51. Kg1 Qg3+ 52. Kh1 Qh2#) 0-1